[Event "Anibal Open"]
[Site "Linares ESP"]
[Date "2002.03.08"]
[Round "8"]
[White "Arencibia,W"]
[Black "Perez Candelario,M"]
[Result "1/2-1/2"]
[WhiteElo "2542"]
[BlackElo "2389"]

1.d4 e6 2.c4 d5 3.Nc3 c6 4.e3 Nf6 5.Nf3 Nbd7 6.Bd3 Be7 7.O-O dxc4 8.Bxc4 b5
9.Bd3 b4 10.Na4 c5 11.dxc5 Nxc5 12.Nxc5 Bxc5 13.e4 Qb6 14.e5 Nd7 15.Bf4 Bb7
16.Ng5 Bd4 17.Qe2 Rd8 18.Rad1 g6 19.Rd2 h6 20.Ne4 Bxe4 21.Qxe4 Nc5 22.Qe2 Nxd3
23.Rxd3 Rd5 24.Rfd1 O-O 25.Bxh6 Rfd8 26.Be3 Bxe3 27.Rxd5 Rxd5 28.Rxd5 exd5
29.Qxe3 d4 30.Qb3 Qc5 31.Kf1 Qb5+ 32.Ke1 Qxe5+ 33.Kd1 a5 34.Qg3 Qd5 35.Qh4 a4
36.Qe7 b3 37.axb3 Qxb3+ 38.Kc1 d3 39.Qd8+ Kg7 40.Qd4+ Kg8 41.Qd8+  1/2-1/2

[Event "ClubCh-EST"]
[Site "Parnu EST"]
[Date "2002.03.08"]
[Round "1"]
[White "Korchagin,O"]
[Black "Danilov,N"]
[Result "0-1"]
[WhiteElo "2144"]
[BlackElo "2158"]

1.d4 d5 2.c4 c6 3.Nc3 Nf6 4.Nf3 e6 5.e3 Nbd7 6.Bd3 dxc4 7.Bxc4 b5 8.Bd3 a6
9.O-O Bb7 10.Qe2 c5 11.Rd1 cxd4 12.exd4 Be7 13.Ne5 O-O 14.Bf4 Rc8 15.h4 b4
16.Ne4 Nxe4 17.Bxe4 Bxe4 18.Qxe4 Nf6 19.Qb7 Nd5 20.Bg3 Bxh4 21.Nc6 Qf6 22.Bxh4 Qxh4
23.Qxa6 Qg5 24.Qb5 h5 25.a4 h4 26.Rd3 f5 27.Rf3 Rf6 28.Qb7 Rc7 29.Qb8+ Rf8
30.Qb5 Rfc8 31.Nxb4 Nf4 32.g3 Rc1+  0-1

[Event "Open"]
[Site "Reykjavik ISL"]
[Date "2002.03.08"]
[Round "2"]
[White "Gretarsson,H"]
[Black "Sigfusson,S"]
[Result "1-0"]
[WhiteElo "2520"]
[BlackElo "2351"]

1.d4 d5 2.c4 c6 3.Nc3 Nf6 4.Nf3 e6 5.e3 Be7 6.Bd3 dxc4 7.Bxc4 b5 8.Bd3 a6
9.e4 c5 10.e5 Nd5 11.Ne4 cxd4 12.O-O Nc6 13.Re1 Qc7 14.Ng3 Bb7 15.Bd2 Rd8
16.a3 h6 17.Rc1 Qb8 18.Qe2 g5 19.h3 Qa7 20.Ne4 Rg8 21.Rc2 b4 22.Rec1 Qb6
23.Rc4 Na5 24.Rxb4 Nxb4 25.Bxb4 Nb3 26.Rc4 Bd5 27.Bxe7 Kxe7 28.Rb4 Qc6 29.Nf6 Nc1
30.Nxg8+ Rxg8 31.Qd2 Nxd3 32.Qxd3 g4 33.Nxd4 Qc1+ 34.Qf1 Qc7 35.hxg4 Qxe5
36.Qxa6 h5 37.Qe2 Qc7 38.Nf5+ Kf6 39.Ne3 Ba8 40.Qc4  1-0

[Event "ch-RUS Girls U20"]
[Site "Vladimir RUS"]
[Date "2002.03.08"]
[Round "7"]
[White "Ubiennykh,E"]
[Black "Novikova,A"]
[Result "1-0"]
[WhiteElo "2269"]
[BlackElo "2218"]

1.Nf3 d5 2.d4 e6 3.c4 c6 4.Nc3 Nf6 5.e3 Nbd7 6.b3 Bb4 7.Bd2 O-O 8.Bd3 Re8
9.O-O dxc4 10.Bxc4 b5 11.Be2 e5 12.dxe5 Nxe5 13.Nxe5 Rxe5 14.a3 Bd6 15.Bf3 Bf5
16.Bxc6 Rc8 17.Bb7 Rc7 18.Bf3 b4 19.Ne2 Bc2 20.Qe1 bxa3 21.Ba5 Rxa5 22.Qxa5 Qb8
23.g3 Ne4 24.Rfc1 Bb4 25.Qxc7 Qxc7 26.Bxe4 Qe5 27.Bxc2 g6 28.Bd3 Bd2 29.Rd1 Bb4
30.Bc4 h5 31.Nd4 Qf6 32.Nc2  1-0

[Event "TCh-ISR"]
[Site "ISR"]
[Date "2002.03.09"]
[Round "6"]
[White "Kantsler,B"]
[Black "Lederman,L"]
[Result "1-0"]
[WhiteElo "2519"]
[BlackElo "2346"]

1.Nf3 d5 2.c4 c6 3.e3 Nf6 4.Nc3 e6 5.d4 Nbd7 6.Qc2 Be7 7.Be2 O-O 8.O-O dxc4
9.Bxc4 c5 10.dxc5 Bxc5 11.e4 Qc7 12.Qe2 Ne5 13.Bf4 Nxf3+ 14.Qxf3 e5 15.Bg5 Be7
16.Bb3 Be6 17.Rac1 Qb6 18.Be3 Qa6 19.Nd5 Bxd5 20.exd5 Bd6 21.Bg5 Nd7 22.Bc2 g6
23.Qh3 f5 24.Bh6 Rf7 25.Bb3 Nf6 26.Rc2 Ng4 27.Rfc1 Nxh6 28.Qxh6 Raf8 29.h4 f4
30.h5 Qd3 31.Rc4 Qf5 32.hxg6 Qxg6 33.Qh3 Qf5 34.Qf3 Rg7 35.Bc2 Qd7 36.Qh5 f3
37.g3 e4 38.Bxe4 Bxg3 39.fxg3 Qd6 40.Kf1 Qxg3 41.Bxh7+  1-0

[Event "Open"]
[Site "Reykjavik ISL"]
[Date "2002.03.09"]
[Round "3"]
[White "Johansson,V"]
[Black "Asmundsson,I"]
[Result "0-1"]
[WhiteElo "2199"]
[BlackElo "2347"]

1.d4 d5 2.c4 c6 3.Nc3 Nf6 4.e3 e6 5.Nf3 Nbd7 6.Qc2 Bd6 7.g4 h6 8.Rg1 g5 9.Bd2 Qe7
10.O-O-O b6 11.e4 dxe4 12.Nxe4 Nxe4 13.Qxe4 Bb7 14.Bd3 O-O-O 15.Qe2 Rhe8
16.Rge1 Qf6 17.Bc3 Qf4+ 18.Nd2 c5 19.Be4 f5 20.Bxb7+ Kxb7 21.dxc5 Nxc5 22.f3 Qxh2
23.Kc2 Qxe2 24.Rxe2 a5 25.Rh1 Bf8 26.b3 Nd3 27.Bf6 Nf4 28.Bxd8 Nxe2 29.Bf6 Nf4
30.Nf1 Ng6 31.Bc3 Nh4 32.Nd2 Kc6 33.Re1 Ng2 34.Rg1 Nf4 35.Re1 Rd8 36.Nf1 Bb4
37.Bxb4 axb4 38.gxf5 exf5 39.Re5 Ra8 40.Kb1 Ra5 41.Rxa5 bxa5 42.Ne3 Nd3 43.Nxf5 h5
44.Nd4+ Kd6 45.Kc2 Nf4 46.Kd2 h4 47.Ke3 h3 48.Nf5+ Ke5 49.Ng3 h2 50.Nh1 Ne6
51.Nf2 Kf5 52.Nh1 g4 53.Ng3+ Kg5 54.Kf2 Nf4 55.fxg4 Kxg4 56.Nh1 Nd3+ 57.Ke3 Nc5
58.Ke2 Kf4 59.Nf2 Ne4 60.Nh1 Ng3+  0-1

[Event "Mediteran Cup IM"]
[Site "Rijeka CRO"]
[Date "2002.03.09"]
[Round "1"]
[White "Bistric,F"]
[Black "Doric,D"]
[Result "1-0"]
[WhiteElo "2486"]
[BlackElo "2253"]

1.Nf3 d5 2.c4 c6 3.e3 Nf6 4.Nc3 e6 5.d4 Nbd7 6.Qc2 Bd6 7.Be2 dxc4 8.Bxc4 O-O
9.O-O e5 10.Bb3 Qe7 11.h3 h6 12.Nh4 Re8 13.Nf5 Qf8 14.Bd2 exd4 15.exd4 Nb6
16.Nxh6+ gxh6 17.Qg6+ Qg7 18.Bxf7+ Kh8 19.Bxe8 Be6 20.Bxh6 Qxg6 21.Bxg6 Rg8
22.Rfe1 Bxh3 23.Bg5 Rxg6 24.Bxf6+ Kg8 25.Be5 Bxg2 26.Kh2  1-0

[Event "FSGM March"]
[Site "Budapest HUN"]
[Date "2002.03.10"]
[Round "9"]
[White "Butnorius,A"]
[Black "Lukacs,P"]
[Result "0-1"]
[WhiteElo "2449"]
[BlackElo "2444"]

1.d4 Nf6 2.Nf3 d5 3.c4 e6 4.Nc3 c6 5.e3 Nbd7 6.Qc2 Bd6 7.Be2 O-O 8.O-O dxc4
9.Bxc4 Qe7 10.h3 e5 11.Bb3 Bb8 12.Bd2 h6 13.Nh4 Rd8 14.Nf5 Qf8 15.a3 a5 16.Rfd1 exd4
17.exd4 Nb6 18.Re1 Bxf5 19.Qxf5 Qd6 20.g3 Qd7 21.Qf3 Nbd5 22.Kg2 Bc7 23.Ne4 Nxe4
24.Rxe4 a4 25.Ba2 Ba5 26.Bxa5 Rxa5 27.Rae1 Rf8 28.Re5 Qd6 29.R1e2 Qd8 30.h4 Rb5
31.Bc4 Ra5 32.Kh2 Nf6 33.Kg2 Ra7 34.d5 Qc7 35.Ba2 c5 36.g4 c4 37.g5 hxg5
38.hxg5 Nd7 39.Re7 Qd8 40.Bb1 Nc5 41.Qf5 g6 42.Qe5 Ne6 43.Rxb7 Nxg5  0-1

[Event "TCh-AUT 2001-2"]
[Site "Dornbirn AUT"]
[Date "2002.03.10"]
[Round "11"]
[White "Ftacnik,L"]
[Black "Lehner,O"]
[Result "1-0"]
[WhiteElo "2574"]
[BlackElo "2437"]

1.Nf3 Nf6 2.c4 e6 3.Nc3 d5 4.d4 c6 5.e3 Nbd7 6.Qc2 Bd6 7.Bd3 O-O 8.O-O dxc4
9.Bxc4 b5 10.Be2 Bb7 11.Rd1 Qb8 12.e4 e5 13.g3 Re8 14.dxe5 Nxe5 15.Bg5 Nfd7
16.Nxe5 Nxe5 17.Be3 Bc8 18.f3 Bc7 19.b3 Bb6 20.Qd2 h5 21.Bxb6 Qxb6+ 22.Qd4 h4
23.Qxb6 axb6 24.f4 Nd7 25.e5 hxg3 26.hxg3 b4 27.Ne4 Nc5 28.Bf3 Bg4 29.Bxg4 Nxe4
30.Bd7 Red8 31.Bxc6 Nc3 32.Rd6 Rac8 33.Re1 Kf8 34.Bd7 Ra8 35.Bg4 b5 36.Bf3 Rac8
37.f5 Ke7 38.Ra6 Rd3 39.Ra7+ Kf8 40.Kg2 Rd2+ 41.Kh3 Rxa2 42.Rb7 Rf2 43.Re3 g6
44.fxg6 fxg6 45.e6 Ke8 46.e7  1-0

[Event "National Open"]
[Site "Las Vegas USA"]
[Date "2002.03.10"]
[Round "6"]
[White "Georgiev,Vl"]
[Black "Sarkar,J"]
[Result "0-1"]
[WhiteElo "2560"]
[BlackElo "2382"]

1.d4 d5 2.c4 e6 3.Nc3 c6 4.e3 Nf6 5.Nf3 Nbd7 6.Bd3 dxc4 7.Bxc4 b5 8.Be2 Bb7
9.O-O a6 10.e4 c5 11.e5 Nd5 12.a4 b4 13.Ne4 Be7 14.a5 O-O 15.Bd3 cxd4 16.Bg5 Nxe5
17.Nxe5 Bxg5 18.Qh5 h6 19.g3 Nf6 20.Qe2 Qd5  0-1

[Event "Masters"]
[Site "Wroxham ENG"]
[Date "2002.03.12"]
[Round "5"]
[White "Gormally,D"]
[Black "Flear,G"]
[Result "1/2-1/2"]
[WhiteElo "2506"]
[BlackElo "2511"]

1.d4 d5 2.c4 e6 3.Nf3 Nf6 4.Nc3 c6 5.e3 Nbd7 6.Bd3 dxc4 7.Bxc4 b5 8.Bd3 Bb7
9.O-O a6 10.e4 c5 11.d5 Qc7 12.dxe6 fxe6 13.Ng5 Qc6 14.Qe2 c4 15.Bc2 Bc5
16.Nd5 O-O 17.Nxf6+ Nxf6 18.Be3 Bxe3 19.Qxe3 h6 20.Nf3 Nxe4 21.Nd4 Qd5 22.Bxe4 Qxe4
23.Qxe4 Bxe4 24.Rfe1 Bd5 25.Nxe6 Bxe6 26.Rxe6 Rae8 27.Rxe8 Rxe8 28.Kf1 Rd8
29.Ke2 Kf7 30.Rc1 Rd4 31.Rc3 b4 32.Re3 Kf6  1/2-1/2

[Event "Masters"]
[Site "Wroxham ENG"]
[Date "2002.03.14"]
[Round "8"]
[White "Flear,G"]
[Black "Kelly,B"]
[Result "1-0"]
[WhiteElo "2511"]
[BlackElo "2445"]

1.d4 d5 2.c4 c6 3.Nc3 Nf6 4.e3 e6 5.Nf3 Nbd7 6.Bd3 dxc4 7.Bxc4 b5 8.Bd3 Bb7
9.O-O a6 10.e4 c5 11.d5 Qc7 12.dxe6 fxe6 13.Bc2 c4 14.Qe2 Bd6 15.Nd4 Nc5
16.f4 e5 17.Ncxb5 axb5 18.Nxb5 Qb6 19.Nxd6+ Qxd6 20.fxe5 Qxe5 21.Rf5 Qe7
22.Qxc4 Ncd7 23.Bd2 Rc8 24.Qb3 Ba6 25.Bb4 Qf7 26.Qa4 Qe6 27.Rd1 Rc4 28.Kh1 Bb7
29.Qb3 Rc6 30.e5 Ng4 31.Re1 Qh6 32.Qf7+ Kd8 33.Rh5 Qe6 34.Qxe6 Rxe6 35.Bf5  1-0

[Event "Bundesliga 2001-2"]
[Site "Luebeck GER"]
[Date "2002.03.16"]
[Round "10"]
[White "Gustafsson,J"]
[Black "Fressinet,L"]
[Result "1/2-1/2"]
[WhiteElo "2513"]
[BlackElo "2591"]

1.d4 d5 2.c4 e6 3.Nc3 c6 4.e3 Nf6 5.Nf3 Nbd7 6.Bd3 dxc4 7.Bxc4 b5 8.Bd3 Bb7
9.e4 b4 10.Na4 c5 11.e5 Nd5 12.O-O cxd4 13.Re1 g6 14.Bd2 a6 15.Be4 Rb8 16.a3 bxa3
17.bxa3 Bg7 18.Bg5 Qa5 19.Bd2 Qd8 20.Bg5 Qa5 21.Bd2 Nc3 22.Bxb7 Rxb7 23.Nxd4 Qxa4  1/2-1/2

[Event "Amber Rapidplay"]
[Site "Monaco MNC"]
[Date "2002.03.16"]
[Round "1"]
[White "Piket,Je"]
[Black "Shirov,A"]
[Result "1/2-1/2"]
[WhiteElo "2659"]
[BlackElo "2715"]

1.d4 d5 2.c4 c6 3.Nf3 Nf6 4.e3 e6 5.Nc3 Nbd7 6.Bd3 dxc4 7.Bxc4 b5 8.Bd3 Bb7
9.e4 b4 10.Na4 c5 11.e5 Nd5 12.O-O cxd4 13.Nxd4 Nxe5 14.Bb5+ Nd7 15.Qh5 Nf6
16.Nxe6 Nxh5 17.Nxd8 Rxd8 18.Re1+ Be7 19.Nc5 Bc8 20.Bg5 Nf6 21.Bxf6 gxf6
22.Rad1 Rg8 23.f4 Kf8 24.Nxd7+ Bxd7 25.Rxd7 Bc5+ 26.Kf1 Rxd7 27.Bxd7 Kg7
28.Be8 h5 29.g3 h4 30.Kg2 hxg3 31.hxg3 Rh8 32.b3 Rh5 33.Rd1 Be7 34.Bc6 Rc5
35.Be4 Rc7 36.Rd5 Bc5 37.Kf3 Bb6 38.Rb5 Bc5 39.Bd3 Be7 40.Bc4 Rd7 41.Ke4 Kf8
42.Kf5 Kg7 43.Ke4 Kf8 44.Rb8+ Kg7 45.Rc8 Bd8 46.Kf5 Bb6 47.Rc6 Bd4 48.Ke4 Bb6
49.Kf5 Bd4  1/2-1/2

[Event "Bundesliga 2001-2"]
[Site "Stuttgart GER"]
[Date "2002.03.16"]
[Round "10"]
[White "Doettling,F"]
[Black "Gabriel,Ch"]
[Result "0-1"]
[WhiteElo "2540"]
[BlackElo "2540"]

1.d4 Nf6 2.c4 e6 3.Nf3 d5 4.Nc3 c6 5.e3 Nbd7 6.Qc2 Bd6 7.Bd3 O-O 8.O-O h6
9.b3 Qe7 10.Bb2 Re8 11.e4 dxc4 12.bxc4 e5 13.Ne2 exd4 14.Nexd4 Ne5 15.Nxe5 Bxe5
16.Nb3 Ng4 17.h3 Bxb2 18.Qxb2 Qd6 19.hxg4 Qxd3 20.Nc5 Qxc4 21.Rfc1 Qb5 22.Qd2 Qb6
23.g5 hxg5 24.Qxg5 Qc7 25.Qe3 b6 26.Nd3 c5 27.f3 Be6 28.Nf4 Rad8 29.a4 Qe5
30.a5 Rd6 31.axb6 axb6 32.Rab1 Red8 33.Rc2 Qg5 34.Kf2 Qh4+ 35.Ke2 Qg3 36.Rbc1 Bc8
37.Ra2 Bb7 38.Nh3 Qxg2+ 39.Nf2 Bc6 40.Rb2 Ba4  0-1

[Event "Bundesliga 2001-2"]
[Site "Godesberg GER"]
[Date "2002.03.17"]
[Round "11"]
[White "Bischoff,K"]
[Black "Gurevich,M"]
[Result "1/2-1/2"]
[WhiteElo "2558"]
[BlackElo "2641"]

1.d4 d5 2.c4 c6 3.Nc3 Nf6 4.e3 e6 5.Nf3 a6 6.Bd2 c5 7.cxd5 exd5 8.Be2 Nc6
9.O-O Be6 10.Rc1 Rc8 11.dxc5 Bxc5 12.Na4 Ba7 13.Qb3 Qe7 14.Nb6 Rb8 15.Ng5 O-O
16.Rfd1 h6 17.Nxe6 fxe6 18.Be1 Ne4 19.Bd3 Nd6 20.Bb1 Ne5 21.Nxd5 exd5 22.Rxd5 Kh8
23.Rcd1 Ndf7 24.Qc2 g6 25.Bc3 Kg8 26.Qe4 Rbe8 27.f4 Ng5 28.fxg5 Bxe3+ 29.Kh1 Qf7
30.h3 Qf1+ 31.Rxf1 Rxf1+ 32.Kh2 Bg1+ 33.Kg3 Bf2+ 34.Kh2 Bg1+ 35.Kg3 Bf2+
36.Kh2 Bg1+  1/2-1/2

[Event "57th ch-YUG"]
[Site "Banja Koviljaca YUG"]
[Date "2002.03.18"]
[Round "3"]
[White "Arsovic,G"]
[Black "Kosic,D"]
[Result "1/2-1/2"]
[WhiteElo "2437"]
[BlackElo "2511"]

1.Nf3 d5 2.c4 c6 3.e3 Nf6 4.Nc3 e6 5.d4 Nbd7 6.Qc2 Bd6 7.Bd3 O-O 8.O-O dxc4
9.Bxc4 a6 10.e4 e5 11.Rd1 Qc7 12.h3 b5 13.Be2 Re8 14.dxe5 Nxe5 15.Bg5 Nxf3+
16.Bxf3 Nd7 17.Qd2 Bc5 18.a3 Ne5 19.Be2 Qa7 20.Bh4 a5 21.Bg3 f6 22.Rac1 Be6
23.Qc2 Bd4 24.b3 a4 25.bxa4 bxa4 26.Qd2 Red8 27.Nd5 Bb6 28.Bxe5 cxd5 29.Bd4 dxe4
30.Bxb6 Rxd2 31.Bxa7 Rxd1+ 32.Rxd1 Rxa7 33.Rd4 f5 34.Bb5 Bb3 35.g4 g6 36.Kg2 Kf7
37.gxf5 gxf5 38.Kg3 Kf6 39.Kf4 Rc7 40.Rd6+ Be6 41.Rc6 Rxc6 42.Bxc6 Bb3 43.Bd7 Bc2  1/2-1/2

[Event "Amber Rapidplay"]
[Site "Monaco MNC"]
[Date "2002.03.18"]
[Round "3"]
[White "Bareev,E"]
[Black "Ivanchuk,V"]
[Result "0-1"]
[WhiteElo "2707"]
[BlackElo "2717"]

1.c4 e6 2.Nc3 d5 3.d4 c6 4.e3 Nf6 5.Nf3 Nbd7 6.Bd3 dxc4 7.Bxc4 b5 8.Bd3 Bb7
9.a3 b4 10.Ne4 Nxe4 11.Bxe4 bxa3 12.bxa3 Bd6 13.Rb1 Rb8 14.O-O O-O 15.Qe2 Qc7
16.Bd2 c5 17.Bxb7 Rxb7 18.dxc5 Bxc5 19.a4 Rfb8 20.Qd3 Qd6 21.Qe4 Qa6 22.Rxb7 Qxb7
23.Qd3 Bf8 24.Rd1 Nc5 25.Qc2 Qb3 26.Qxb3 Rxb3 27.a5 f6 28.Kf1 e5 29.Be1 Be7
30.Nd2 Rb4 31.Rb1 Rxb1 32.Nxb1 Kf7 33.Ke2 Ke6 34.f3 Kd5 35.e4+ Kc6 36.Nc3 Bd8
37.Nd5 Kb5 38.Nc3+ Kxa5 39.g3 Kb4 40.Nd5+ Kc4 41.Ne3+ Kb3 42.Nf5 Ne6  0-1

[Event "13th Goodricke"]
[Site "Calcutta IND"]
[Date "2002.03.20"]
[Round "4"]
[White "Mohota,N"]
[Black "Suvrajit,S"]
[Result "1-0"]
[WhiteElo "2257"]
[BlackElo "2346"]

1.d4 d5 2.c4 c6 3.Nc3 Nf6 4.e3 e6 5.Nf3 Nbd7 6.Bd3 dxc4 7.Bxc4 b5 8.Be2 b4
9.Na4 Qa5 10.O-O Ba6 11.Bxa6 Qxa6 12.a3 bxa3 13.b3 Rb8 14.Bxa3 Bxa3 15.Rxa3 O-O
16.Qc2 Nd5 17.Rfa1 Nb4 18.Qd1 Qb7 19.Nb2 a6 20.Nd3 Rfc8 21.Nxb4 Qxb4 22.Rxa6 Qxb3
23.Qxb3 Rxb3 24.Ra7 Nb6 25.Rb7 Rb5 26.Rc1 Nc4 27.Ra7 Ra5 28.Rd7 Rd5 29.Ra7 Ra5
30.Rxa5 Nxa5 31.Ne5 f6 32.Nd3 Rb8 33.g3 Kf7 34.Nc5 Rb5 35.Ne4 Kg6 36.Ra1 h6
37.Kg2 f5 38.Nc3 Rb3 39.Ne2 Rb5 40.h4 Kf6 41.Nc3 Rb3 42.Ne4+ fxe4 43.Rxa5 g6
44.Rc5 Rb6 45.Re5 Rb5 46.Rxe4 g5 47.hxg5+ hxg5 48.g4 Rd5 49.Kg3 c5 50.dxc5 Rxc5
51.f4 Ra5 52.fxg5+ Rxg5 53.Rf4+ Kg7 54.Re4 Kf6 55.Kf4 Ra5 56.Rb4 Rc5 57.Rb8 Rc4+
58.Kf3 Ra4 59.Rb5 Rc4 60.g5+ Kg6 61.e4 Rc1 62.Kf4 Rg1 63.Rb8 Kf7 64.Rb7+ Kf8
65.Ke5 Rg4 66.Ra7 Ke8 67.Kf6 Rxe4 68.Ra8+ Kd7 69.g6 Rf4+ 70.Kg5 Rf5+ 71.Kh6 Rf6
72.Kh7 Kd6 73.g7 Rf7 74.Kg6 Rf1 75.g8=Q Rg1+ 76.Kf6 Rxg8 77.Rxg8 e5 78.Re8  1-0

[Event "13th Goodricke"]
[Site "Calcutta IND"]
[Date "2002.03.21"]
[Round "5"]
[White "Kotsur,P"]
[Black "Bakre,T"]
[Result "1/2-1/2"]
[WhiteElo "2578"]
[BlackElo "2477"]

1.d4 d5 2.c4 c6 3.Nf3 Nf6 4.Nc3 e6 5.e3 Nbd7 6.Bd3 dxc4 7.Bxc4 b5 8.Be2 Bb7
9.O-O Be7 10.a3 a5 11.Qb3 O-O 12.Bd2 Ba6 13.Rfc1 Qb8 14.Ng5 a4 15.Qd1 c5
16.Nf3 Qb6 17.Rcb1 Ne8 18.b3 axb3 19.Rxb3 Nc7 20.Rab1 Qa7 21.Nxb5 Nxb5 22.Bxb5 Bxb5
23.Rxb5 Qxa3 24.dxc5 Bxc5 25.Qc2 Rfc8 26.Rc1 Qa6 27.Ra5 Qb7 28.Rxa8 Rxa8
29.Ng5 g6 30.h3 Be7 31.Ne4 Nf6  1/2-1/2

[Event "Amber Rapidplay"]
[Site "Monaco MNC"]
[Date "2002.03.21"]
[Round "5"]
[White "Piket,Je"]
[Black "Ivanchuk,V"]
[Result "1/2-1/2"]
[WhiteElo "2659"]
[BlackElo "2717"]

1.d4 d5 2.c4 c6 3.Nc3 Nf6 4.e3 e6 5.Nf3 Nbd7 6.Bd3 dxc4 7.Bxc4 b5 8.Be2 Bb7
9.O-O a6 10.e4 c5 11.e5 Nd5 12.a4 b4 13.Ne4 Qc7 14.Re1 cxd4 15.Qxd4 Qb6 16.Nd6+ Bxd6
17.Qxb6 N7xb6 18.exd6 Nc8 19.d7+ Kxd7 20.Ne5+ Ke7 21.Nd3 Nd6 22.Bf3 Rhc8
23.Bxd5 Bxd5 24.Nxb4 Bc4 25.Bd2 Rab8 26.Bc3 Nf5 27.f3 h5 28.Re5 f6 29.Ra5 Rb6
30.Kf2 Rcb8 31.b3 Bxb3 32.Nxa6 Rc8 33.Nc5 Bd5 34.Rb5 Rxb5 35.axb5 Nd6 36.Ra7+ Ke8
37.Bb4 Nxb5 38.Rxg7 Rc7 39.Rxc7 Nxc7 40.Nd3 e5 41.Ke3 Bc4 42.Nb2 Nd5+ 43.Kf2 Bb5
44.Bd2 Kf7 45.Nd1 Ba6 46.h4 Kg6 47.Nc3 Nb4 48.g4 Bb7 49.Kg3 Nd3 50.Ne2 Nc5
51.Be3 Ne6 52.f4 hxg4 53.fxe5 fxe5 54.Kxg4 Ng7  1/2-1/2

[Event "13th Goodricke"]
[Site "Calcutta IND"]
[Date "2002.03.23"]
[Round "7"]
[White "Sriram,J"]
[Black "Sharma,D"]
[Result "1-0"]
[WhiteElo "2408"]
[BlackElo "2380"]

1.d4 Nf6 2.c4 e6 3.Nf3 d5 4.Nc3 c6 5.e3 Nbd7 6.Bd3 Bd6 7.e4 dxe4 8.Nxe4 Nxe4
9.Bxe4 Bb4+ 10.Bd2 Bxd2+ 11.Qxd2 c5 12.O-O-O Qc7 13.Kb1 Nf6 14.Bc2 O-O 15.dxc5 Qxc5
16.Qd4 Qc7 17.g4 Nd7 18.g5 Nc5 19.Bxh7+ Kxh7 20.g6+ fxg6 21.Ng5+ Kg8 22.Qh4 Rf7
23.Qh7+ Kf8 24.Qh8+ Ke7 25.Nxf7 Kxf7 26.Rd8 Qe7 27.Qg8+ Kf6 28.Rf8+ Ke5 29.Re1+ Kd6
30.Rxc8 Rxc8 31.Qxc8 b6 32.f4  1-0

[Event "13th Goodricke"]
[Site "Calcutta IND"]
[Date "2002.03.24"]
[Round "8"]
[White "Prakash,G"]
[Black "Sriram,J"]
[Result "1/2-1/2"]
[WhiteElo "2451"]
[BlackElo "2408"]

1.d4 d5 2.c4 c6 3.Nc3 Nf6 4.e3 e6 5.Nf3 Nbd7 6.Qc2 Bd6 7.Bd3 O-O 8.O-O dxc4
9.Bxc4 a6 10.Rd1 b5 11.Be2 Qc7 12.a3 c5 13.dxc5 Bxc5 14.b4 Be7 15.Bb2 Bb7
16.Rac1 Rac8 17.Qb1 Qb8 18.Ng5 Rfd8 19.Nce4 Rxc1 20.Nxf6+ Bxf6 21.Qxh7+ Kf8
22.Bxc1 Ke7 23.Nf3 Bxf3 24.Bxf3 Rh8 25.Qc2 Qxh2+ 26.Kf1 Qb8 27.Qc6 Rh1+ 28.Ke2 Rxd1
29.Kxd1 Qd6+ 30.Qxd6+ Kxd6 31.Kc2 Nb6 32.Kb3 Kc7 33.Be4 g6 34.Bd3 Kd6 35.Bd2 Bh4
36.g3 Bf6 37.f4 Kc7 38.Be1 Ba1 39.Ka2 Bg7 40.Kb3 Ba1 41.Bf2 Bg7 42.e4 e5
43.f5 g5 44.Be3 f6 45.Bc5 Na4 46.Be3 Nb6 47.Kc2 Bf8 48.Kd2 Kc6 49.Kc3  1/2-1/2

[Event "Open"]
[Site "Mar del Plata ARG"]
[Date "2002.03.24"]
[Round "2"]
[White "Roca,A"]
[Black "Di Diego,O"]
[Result "1-0"]
[WhiteElo "2379"]
[BlackElo "2153"]

1.d4 d5 2.c4 e6 3.Nc3 c6 4.e3 Nf6 5.Nf3 Nbd7 6.Bd3 dxc4 7.Bxc4 b5 8.Bd3 b4
9.Ne4 Nxe4 10.Bxe4 Bb7 11.O-O Be7 12.Qc2 Rc8 13.Rd1 Nf6 14.Bd3 Qb6 15.Ne5 O-O
16.Nc4 Qc7 17.e4 h6 18.e5 Nd5 19.Qe2 f5 20.exf6 Rxf6 21.Qe4 Bf8 22.Ne5 g5
23.Ng4 Qf7 24.Nxf6+ Nxf6 25.Qe2 c5 26.Be3 Bd5 27.dxc5  1-0

[Event "Open"]
[Site "Mar del Plata ARG"]
[Date "2002.03.24"]
[Round "3"]
[White "Fiorito,F"]
[Black "Lo Presti,R"]
[Result "1-0"]
[WhiteElo "2353"]
[BlackElo "2048"]

1.d4 Nf6 2.c4 e6 3.Nf3 d5 4.Nc3 c6 5.e3 Nbd7 6.Qc2 Bb4 7.Bd3 O-O 8.O-O Re8
9.a3 Ba5 10.Rd1 Qe7 11.h3 h6 12.b4 dxc4 13.Bxc4 Bc7 14.Bb2 e5 15.Ne4 exd4
16.Nxf6+ Nxf6 17.Bxd4 b6 18.Be2 Bb7 19.Qb2 Nh5 20.Rd2 c5 21.bxc5 bxc5 22.Bxc5 Qxc5
23.Qxb7 Rab8 24.Qd5 Qxd5 25.Rxd5 Nf6 26.Rc5 Bb6 27.Rc2 Rbc8 28.Rac1 Rxc2
29.Rxc2 Kf8 30.Kf1 Rd8 31.Ne5 Ne4 32.Bc4 Nd6 33.Ke2 g5 34.Ba2 f6 35.Nd3 Ne4
36.Nb4 f5 37.Nd5 Ba5 38.f3 Nd6 39.Rc6 Rc8 40.Rxd6 Rc2+ 41.Kf1 Rxa2 42.Rxh6 Rxa3
43.Ke2 Ra2+ 44.Kf1 Ra1+ 45.Kf2 Ra2+ 46.Kg1 Kg7 47.Ra6  1-0

[Event "Suetin Mem"]
[Site "Tula RUS"]
[Date "2002.03.25"]
[Round "3"]
[White "Iljushin,A"]
[Black "Novikov,Ma"]
[Result "1-0"]
[WhiteElo "2523"]
[BlackElo "2434"]

1.d4 d5 2.c4 e6 3.Nf3 Nf6 4.Nc3 c6 5.e3 Nbd7 6.Qc2 Bd6 7.Bd3 O-O 8.O-O dxc4
9.Bxc4 e5 10.Bb3 Qc7 11.h3 exd4 12.exd4 Nb6 13.Re1 Nbd5 14.Bg5 h6 15.Bxf6 Nxf6
16.Qd3 Bd7 17.Ne5 Rae8 18.f4 c5 19.Bc2 cxd4 20.Nd5  1-0

[Event "13th Goodricke"]
[Site "Calcutta IND"]
[Date "2002.03.26"]
[Round "10"]
[White "Shariyazdanov,A"]
[Black "Barua,D"]
[Result "1-0"]
[WhiteElo "2532"]
[BlackElo "2515"]

1.d4 d5 2.c4 e6 3.Nc3 c6 4.e3 Nf6 5.Nf3 Nbd7 6.Qc2 Bd6 7.Bd3 O-O 8.O-O dxc4
9.Bxc4 Qe7 10.Bd2 e5 11.Bb3 e4 12.Ng5 Bxh2+ 13.Kxh2 Ng4+ 14.Kg1 Qxg5 15.Qxe4 Nb6
16.Ne2 a5 17.f3 Nf6 18.Qd3 Nbd5 19.e4 Qg6 20.a3 h6 21.Rae1 a4 22.Bc4 b5 23.Ba2 Ba6
24.Qc2 Nh5 25.Bb1 Nb6 26.g4 Nc4 27.Bc1 Bc8 28.Kf2 Nf6 29.Nf4 Qg5 30.Rh1 Nd7
31.Rh5 Qd8 32.e5 f5 33.gxf5 Ndxe5 34.dxe5 Bxf5 35.Rxf5 Qh4+ 36.Kg2 Qxe1 37.Rxf8+ Kxf8
38.Qf5+ Ke8 39.Qe6+ Kd8 40.Qxc6 Qxc1 41.Qxa8+ Ke7 42.Qb7+ Kd8 43.Qb8+ Kd7
44.Bf5+ Kc6 45.Be4+  1-0

[Event "Suetin Mem"]
[Site "Tula RUS"]
[Date "2002.03.26"]
[Round "4"]
[White "Simantsev,M"]
[Black "Skatchkov,P"]
[Result "0-1"]
[WhiteElo "2383"]
[BlackElo "2464"]

1.d4 d5 2.Nf3 c6 3.c4 Nf6 4.e3 e6 5.Nc3 Nbd7 6.Qc2 Bd6 7.Be2 O-O 8.O-O dxc4
9.Bxc4 b5 10.Be2 Bb7 11.Rd1 Qc7 12.e4 e5 13.g3 Rfe8 14.a3 a6 15.Bg5 exd4
16.Nxd4 Be5 17.Bf3 Rad8 18.Nf5 Nc5 19.Rxd8 Rxd8 20.Rd1 Ne6 21.Be3 g6 22.Nh6+ Kg7
23.Ng4 Nxg4 24.Bxg4 Nd4 25.Qb1 h5 26.Bh3 Bf6 27.Bg2 a5 28.f4 c5 29.e5 Be7
30.Ne4 Nf5 31.Bf2 c4 32.Qc2 Rd7 33.Rxd7 Qxd7 34.Qc3 Qd1+ 35.Qe1 Qd3 36.e6 Nd4
37.Qc3 Qd1+ 38.Bf1 Bf6 39.Qe3 Nf3+ 40.Kg2 Nd2 41.Be2 Qc2  0-1

[Event "ch-VIE"]
[Site "Vung Tau VIE"]
[Date "2002.03.27"]
[Round "2"]
[White "Pham Minh Hoang1"]
[Black "Tran Quoc Dung"]
[Result "1-0"]
[WhiteElo "2358"]
[BlackElo "2125"]

1.d4 d5 2.c4 c6 3.Nf3 Nf6 4.Nc3 e6 5.e3 Bd6 6.Bd3 Nbd7 7.O-O O-O 8.Qc2 dxc4
9.Bxc4 e5 10.dxe5 Bxe5 11.Nxe5 Nxe5 12.Bb3 Nfg4 13.h3 Nh6 14.e4 Be6 15.Bxe6 fxe6
16.Bxh6 gxh6 17.f4 Nd3 18.f5 exf5 19.exf5 Qb6+ 20.Kh1 Rad8 21.b3 Qc5 22.Rf3 Ne5
23.Rg3+ Kh8 24.Re1 Rd4 25.Rge3 Nd7 26.Qb2 Nf6 27.Ne4 Qd5 28.Nxf6 Rxf6 29.Re8+ Kg7
30.R1e7+ Rf7 31.f6+ Kg6 32.Qc2+ Rd3 33.Re5 Qd4 34.Re4 Rd2 35.Rf4+ Rxc2 36.Rg8+ Kh5
37.Rf5+  1-0

[Event "Suetin Mem"]
[Site "Tula RUS"]
[Date "2002.03.29"]
[Round "7"]
[White "Iljushin,A"]
[Black "Grigoriants,S RUS"]
[Result "1/2-1/2"]
[WhiteElo "2523"]
[BlackElo "2443"]

1.d4 d5 2.c4 c6 3.Nf3 Nf6 4.Nc3 e6 5.e3 Nbd7 6.Qc2 Bd6 7.Bd3 O-O 8.O-O h6
9.e4 dxe4 10.Nxe4 Nxe4 11.Bxe4 c5 12.Rd1 Qc7 13.dxc5 Bxc5 14.Bd2 Nf6 15.b4 Be7
16.Bd3 b6 17.Bc3 Bb7 18.Qe2 Rad8 19.Ne5 Rfe8 20.Rac1 Ba8 21.Re1 Bf8 22.Bb1 Qb7
23.f3 Nd7 24.Nxf7 Kxf7 25.Qc2 Ke7 26.Qg6 Kd6 27.c5+ bxc5 28.bxc5+ Nxc5 29.Be5+ Kd7
30.Bxg7 Qb6 31.Kh1 Bd5 32.Be4 Bxe4 33.fxe4 Bd6 34.e5 Be7 35.Bf6 Kc8 36.Qxh6 Rd5  1/2-1/2

[Event "Foxwoods Open"]
[Site "Connecticut USA"]
[Date "2002.03.30"]
[Round "4"]
[White "Benen,S"]
[Black "Mulyar,M"]
[Result "1/2-1/2"]
[WhiteElo "2210"]
[BlackElo "2427"]

1.d4 d5 2.Nf3 Nf6 3.c4 c6 4.Nc3 e6 5.e3 Nbd7 6.Bd3 dxc4 7.Bxc4 b5 8.Bb3 b4
9.Ne2 Bd6 10.O-O O-O 11.Nf4 c5 12.Re1 Bb7 13.Ng5 Bxf4 14.exf4 h6 15.Nf3 Bxf3
16.gxf3 Rc8 17.dxc5 Nxc5 18.Be3 a5 19.f5 exf5 20.Qxd8 Rfxd8 21.Bxc5 Rxc5
22.Re7 Rd2 23.Rxf7 Kh7 24.Re1 Rxb2 25.Ree7 Nh5 26.h4 a4 27.Bxa4 Rxa2 28.Bd7 Raa5
29.Be6 Re5 30.Rf8 Nf4 31.Bg8+ Kg6 32.Rb7 Re1+ 33.Kh2 b3 34.Bf7+ Kh7 35.Bg8+ Kg6
36.Bf7+ Kh7  1/2-1/2

[Event "6th Neckar Open"]
[Site "Deizisau GER"]
[Date "2002.03.30"]
[Round "5"]
[White "Ftacnik,L"]
[Black "Porper,E"]
[Result "1-0"]
[WhiteElo "2574"]
[BlackElo "2424"]

1.c4 c6 2.d4 d5 3.Nf3 Nf6 4.Nc3 e6 5.e3 Nbd7 6.Qc2 Bd6 7.Bd3 O-O 8.O-O dxc4
9.Bxc4 b5 10.Be2 Bb7 11.e4 e5 12.Rd1 Qc7 13.g3 Rfe8 14.dxe5 Nxe5 15.Bg5 Nxf3+
16.Bxf3 Be5 17.Bxf6 gxf6 18.Bg4 Rad8 19.Rac1 Qe7 20.Bf5 Bc8 21.Rxd8 Rxd8
22.Bxc8 Bxc3 23.Qe2 Bxb2 24.Rxc6 Bd4 25.Bf5 Qb4 26.Kg2 Be5 27.Rc2 h6 28.Bd7 Qe7
29.Bc6 f5 30.Qf3 fxe4 31.Bxe4 Bg7 32.Bd5 a5 33.Rc6 Qd7 34.Be4 a4 35.Rb6 Qd4
36.Rxb5 Qc4 37.Ra5 Qxa2 38.Bd5 Qd2 39.Bxf7+ Kh8 40.Rxa4 Rf8 41.Ra8 Qd6 42.Bc4 Rxa8
43.Qxa8+ Bf8 44.Qf3 Qe7 45.Qd5 Qg7 46.Qe6 Be7 47.h4 Qf8 48.f4 Bf6 49.Kh3 Ba1
50.g4 Bg7 51.g5 hxg5 52.hxg5 Qa8 53.Kg3  1-0